000
00327 a2200157 4500
001
175662
020
_a
040
_c
Magnum
100
_a
Gomes, Helio
240
1
0
_a
Qualidade total na escola
_l
por
245
1
0
_a
Qualidade total na escola
362
0
_a
1899
440
1
_a
LĂȘ
697
_a
MAGNITO: ENSINO
942
_c
BK
999
_c
175662
_d
175662